| 000 | 00554nam a22001817a 4500 | ||
|---|---|---|---|
| 003 | OSt | ||
| 005 | 20140310181726.0 | ||
| 008 | 130308t xxu||||| |||| 00| 0 eng d | ||
| 020 | _a9781598694529 | ||
| 050 |
_aPE 1408 _b.T539 2008 |
||
| 082 |
_aIB 808.042 _2T42 2008 |
||
| 245 |
_aThe everything grammar and style book : _ball you need to master the rules of great writing / _cSusan Thurman. |
||
| 260 |
_aMA, USA : _bAdams Media, _c2008. |
||
| 300 |
_axii, 337 p. : _c24 cm. |
||
| 650 |
_aEnglish _xGrammar and style |
||
| 942 |
_2lcc _cBK |
||
| 999 |
_c2218 _d2218 |
||